000 00917nam a22002651 4500
001 25837
003 BD-RjUL
005 20211209050932.0
008 140319s19581949enk 001 0 eng
035 _a(BD-RjUL)25907
035 _a(OCoLC)713040
040 _aDLC
_cOAkU
_dOCoLC
_dTNJ
_dDLC
_dBD-RjUL
_beng
041 _aeng
082 _a923.244
_bWER 1958
100 1 _aWedgwood, C. V.
_q(Cicely Veronica),
_d1910-1997.
_958218
245 1 0 _aRichelieu and the French Monarchy /
_cC V Wedgwood.
260 _aLondon :
_bPublished by Hodder & Stoughton for the English Universities Press,
_c1958.
300 _aix, 204 p. :
_bill., col. map (on lining paper) ;
_c19 cm.
490 0 _aTeach yourself history library
504 _aBibliography: p. 199-200. and index.
600 1 0 _aRichelieu, Armand Jean du Plessis,
_cduc de,
_d1585-1642.
_979398
942 _2ddc
_cBK
999 _c25837
_d25837